00496nam a2200181Ia 450000500170000000800410001702000150005808200210007310000180009424500830011226000280019530000180022365000100024165000210025165000150027265000130028765000140030020250203052157.0240331s9999 xx 000 0 und d a9559655523 bMUN25625a305.4 aMunasinghe, I 0aSri Lankan Women in Antiquity:b(Sixth Century B.C. to Fifteenth Century A.C.) bIndira Munasinghec2004 axxiv, 206 p., aWomen aWomen Employment aLiterature aMarriage aReligion